00510nam a22001697a 450000500170000001000130001702000140003003500130004403700160005708200100007310000270008324500640011024600530017426000430022727000470027030000230031720200720145243.0 aA-645003 c100.00a- aA-645003 bBPPD/PUBa- a305.4 aکشو ر نا ہيد  aمر د عو ر ت کا ر شتہ cکشو ر نا ہيد  bAurat Mard Ka Rishta (Urdu)aby Kishwer Naheed  aNew DelhibAdab Publications c1994 ء a364 A,Chirag Delhi bN.Delhie110017k-l- a248 ص c22 Cm(Hb)